| 000 | 00824nab a2200241 u 4500 | ||
|---|---|---|---|
| 001 | 09410 | ||
| 003 | HDC | ||
| 007 | cr bn ---aaaaa | ||
| 008 | 210201c2009 my dr|nes 0 a may d | ||
| 040 | _aHDC | ||
| 100 |
_aNor Aziah Jaafar _eauthor _99729 |
||
| 245 | 0 |
_aIKS: Produk Malaysia Masuki Pasaran Dubai / oleh _cNor Aziah Jaafar |
|
| 260 |
_aKuala Lumpur : _bUtusan Melayu (M) Bhd., _c2009 |
||
| 336 |
_atext _2rdacontent |
||
| 337 |
_acomputer _2rdamedia |
||
| 338 |
_aonline resource _2rdacarrier |
||
| 650 |
_aproduct marketing _99731 |
||
| 650 |
_aSME products _zMalaysia _99730 |
||
| 856 | _zRequest full-text at [email protected] | ||
| 942 | _2lcc | ||
| 942 | _cNEWS | ||
| 942 | _kNWSC 002467 | ||
| 999 |
_c6733 _d6733 |
||